000 00611nam a2200205 i 4500
001 69431
003 ES-MaACL
005 20250911062829.0
007 t|
008 040706s1973 sp ||||1| spa d
100 1 _aGarcía Calvo, Agustín,
_d1926-2012
_eaut
_9233841
245 1 0 _aSermón de ser y no ser /
_cAgustín García Calvo.
260 _a[Madrid] :
_bAlberto Corazón,
_c1973.
300 _a78 p. ;
_c20 cm.
490 1 _aColección Visor de poesía ;
_v17
830 0 _aColección Visor de poesía
_v17
_9177331
852 _aES-MaACL
_jC-56167
_bR.88849
942 _2udc
999 _c69431
_d69431